000 01283cam a22003854a 4500
999 _c35492
_d35492
001 000494465
003 AR-RgUNPA
005 20260310113450.0
007 ta
008 050718s1988 ag gr 001 0 spa
015 _aAR-1988
020 _a9503703123
040 _aSIUNPA
_bspa
_cSIUNPA
_eAACR2
041 _aspa
043 _as-ag---
044 _aag
_car-c
080 1 _a355.31(82) F811e
100 1 _aFraga, Rosendo,
_d1952-
_e, autor
_4aut
245 1 0 _aEjército
_b: del escarnio al poder 1973-1976 /
_cRosendo Fraga
260 _aBuenos Aires :
_bPlaneta,
_c1988
300 _a287 p.
_c: il.
505 2 _aContiene:
_tAntecedentes -- La gestión Carcagno -- La gestión Anaya -- La gestión Laplane -- La gestión Videla -- Conclusiones
561 1 _3Inventario 01256413:
_5AR-BaBN
650 4 _aEJERCITO
650 4 _aHISTORIA ARGENTINA
650 4 _aSIGLO XIX
651 0 _953
_aARGENTINA
942 _2udc
_cBK
956 _aGSL
_b00
_c20110915
_lBNA01
_h2248
956 _aGSL
_c20130614
_lBNA01
_h1715
956 _aRTAMARGO
_b20
_c20150904
_lBNA01
_h1554
956 _aPLEMOS
_b20
_c20151015
_lBNA01
_h1019
956 _aDVINAS
_b20
_c20200728
_lBNA01
_h1211
956 _aLIASCOVICH
_b20
_c20250521
_lBNA01
_h1024